000 00526nam a22001697a 4500
003 MACL
005 20160518165151.0
008 160518b xxu||||| |||| 00| 0 eng d
040 _cMACL
041 _aHindi
082 _a891.433
100 _aकामतानाथ
_944895
245 _aआकाश से झॉकता वह चेहरा
_cकामतानाथ
260 _aनोएडा
_bरेमाधव पब्लिकेशन्‍स
_c2007
650 _aStories
_958067
942 _2ddc
_cHIN
999 _c54025
_d54025